Vybrané právne aspekty kryptopeňazí
Technologická podstata kryptopeňazí (virtuálnych peňazí) a ich základná právna analýza. Bitcoin je najznámejší príklad kryptomeny. Právna klasifikácia kryptopeňazí, najmä z dôvodu, že dnes sa nachádzajú mimo predmetu právnej regulácie.
Na minha lista:
| Autor principal: | |
|---|---|
| Formato: | Capítulo de Livro |
| Idioma: | eslovaco |
| Assuntos: | |
| Tags: |
Sem tags, seja o primeiro a adicionar uma tag!
|
MARC
| LEADER | 00000naa a2200000 4500 | ||
|---|---|---|---|
| 001 | 0256122 | ||
| 005 | 20190619103902.3 | ||
| 041 | 0 | |a slo | |
| 044 | |a SK | ||
| 245 | 1 | 0 | |a Vybrané právne aspekty kryptopeňazí |c Martin Križan |
| 520 | |a Technologická podstata kryptopeňazí (virtuálnych peňazí) a ich základná právna analýza. Bitcoin je najznámejší príklad kryptomeny. Právna klasifikácia kryptopeňazí, najmä z dôvodu, že dnes sa nachádzajú mimo predmetu právnej regulácie. | ||
| 610 | 2 | 0 | |a mena virtuálna |
| 610 | 2 | 0 | |a úpravy právne |
| 610 | 2 | 0 | |a zdaňovanie |
| 610 | 2 | 0 | |a kapitalizácia |
| 100 | 1 | |a Križan, Martin | |